000 01239naa a22003137a 4500
001 BR8707669
003 BR-BrBNA
005 20250721154532.0
007 ta
008 250630b bl.|||m| |||| 00| 0 por d
040 _aBR-BrBNA
_bpor
_cBiblioteca Nacional de Agricultura
041 _a(Pt)
072 _aF01; A50
_b1112
_bG514
090 _aF01 BR8707669
100 1 _aCunha, M.A.P. da
111 1 _aSimposio sobre "Moko" da Bananeira
_cManaus, AM (Brazil)
_d28-30 Aug 1986
245 1 _aCultivo da banana no Brasil: producao e pesquisa
246 1 _a[Banana's cultivation in Brazil: production and research]
246 1 _a[Annals of the Symposium about wilts in bananas]
500 _aAnais do Simposio sobre "Moko" da Bananeira Cruz das Almas, BA (Brasil): 1986. p. 11-27 [12 tables] (BR8707669-AMS)
773 0 _tAnais do Simposio sobre "Moko" da Bananeira
_wF01 BR8707669
_gCruz das Almas, BA (Brasil), 1986. p. 11-27
650 _aBANANA
650 _aPRATICA CULTURAL
650 _aPRODUCAO VEGETAL
650 _aPESQUISA AGRICOLA
490 _aDocumentos - Centro Nacional de Pesquisa de Mandioca e Fruticultura (Brazil)
_vno. 19
_xISSN 0101-7411
942 _cAMS
_2AGRIS
909 _a202506
_bLúcia
_c55
_dLúcia Elande
999 _c335458
_d335458